000 01256nam a22002417a 4500
999 _c62303
_d62303
005 20260317095055.0
008 s2551 th tha d
040 _aNALT
041 _atha
090 _aKC 23
_bค121ค 2551
110 2 _aสำนักงานคณะกรรมการกฤษฎีกา
_914779
245 1 0 _aคู่มือแบบการร่างกฎหมาย /
_cสำนักงานคณะกรรมการกฤษฎีกา
260 _aกรุงเทพฯ :
_bสำนักงานคณะกรรมการกฤษฎีกา,
_c2551.
300 _a676 หน้า :
_bภาพประกอบ ;
_c30 ซม.
610 _aสำนักงานคณะกรรมการกฤษฎีกา
_914779
650 0 4 _aร่างพระราชบัญญัติ
650 0 4 _aพระราชบัญญัติ -- แบบร่าง
650 0 4 _aการร่างกฎหมาย
850 _aNALT
856 4 0 _uhttps://hdl.handle.net/20.500.14156/301427
_71
942 _cLB
_09
_2local
998 _j8
_k นายบัณฑิต อุทาวงค์